| 000 | 00713nam a22001937a 4500 | ||
|---|---|---|---|
| 999 |
_c4264 _d4264 |
||
| 003 | AR-CdUCM | ||
| 008 | 190308b ||||| |||| 00| 0 spa d | ||
| 040 |
_aMUNICIPALIDAD PROVINCIAL DEL CUSCO _cBIBLIOTECA MUNICIPAL DEL CUSCO |
||
| 082 |
_a364.2 / _bP85 |
||
| 100 |
_aPortocarrero Maisch, Gonzalo _913482 |
||
| 245 |
_aSacaojos : _bCrisis social y fantasmas coloniales / |
||
| 260 |
_aLima : _bTarea, _c1991. |
||
| 300 |
_a263 paginas ; _c20 cm. |
||
| 505 | _aContenido :Tradición mito y modernidad en las mentalidad populares --La coyuntura social --Días insólitos --Paro y/o saqueo ... | ||
| 650 |
_aBandolerismo _97611 |
||
| 650 |
_aAspectos psicológicos _913483 |
||
| 942 |
_2ddc _cLIBROS |
||
| 945 | _arjall | ||